000 00765nam a2200229 a 4500
001 3281
005 20140414131903.0
008 060215s19uu xx 00 eng d
020 _a0-316-12277-7
050 _aFIC
_bK87 1999
100 _aKrensky, Stephen
245 _aBuster makes the grade /
_ctext by Stephen Krensky.
260 _aBoston :
_bLittle, Brown and Company,
_c1999.
300 _a55 p. : ill. ; cm.
440 _aA Marc Brown Arthur Chapter Book
520 _aArthur and his friends help Buster study for an important test so that he will be able to move on to the fourth grade with them.
650 _aSchools
_xFiction.
650 _aRabbits
_xFiction.
650 _aAardvark
_xFiction.
650 _aAnimals
_xFiction.
999 _c110795
_d110795